Angličtina pre jazykové školy a kurzy

Uložené v:
Podrobná bibliografia
Hlavný autor: Maříková, Mária
Médium: Kniha
Jazyk:Slovak
Vydavateľské údaje: Bratislava Slov. ped. nakl. 1990
Vydanie:5. dopln. vyd.
Tagy: Pridať tag
Žiadne tagy, Buďte prvý, kto otaguje tento záznam!

MARC

LEADER 00000nam a2200000 4500
001 c026205
005 20221215070259.3
041 0 |a slo 
044 |a SK 
245 1 0 |a Angličtina pre jazykové školy a kurzy  |c Mária Maříková 
250 |a 5. dopln. vyd. 
264 1 |a Bratislava  |b Slov. ped. nakl.  |c 1990 
300 |a 2 časti 
100 1 |a Maříková, Mária